00899 2200337 4500001002100000005001700021008004100038020002200079035002400101040001200125082001000137084001600147100002000163245008400183250001000267260003300277300002900310650001100339700001900350850001200369990001800381990001800399990001800417990001800435990001800453990001800471990001800489990001800507990001800525990001800543INLIS00000000002201620160812131223.0  a978-979-757-520-5 0010-081600000000373 aYOPDYOG a646.5 a646.5 Mil G aMila Meiliasari aGaya Berhijab Kerudung Segiempatc/ Mila Meiliasari; Penyunting, Ida Ayu Maruti aCet.8 aJakartabKawan Pustakac2013 a64 hlm.;bilus.;c26 cm. aJilbab aIda Ayu Maruti aYOPDYOG a10429-KS/B.16 a10430-KS/B.16 a10431-KS/B.16 a10432-KS/B.16 a10433-KS/B.16 a10434-KS/B.16 a10435-KS/B.16 a10436-KS/B.16 a10437-KS/B.16 a10438-KS/B.16